El idiota/ (Registro nro. 14443)

Detalles MARC
000 -LIDER
fixed length control field 00930nam a2200277 c 4500
001 - NÚMERO DE CONTROL
Identificador de número de control
003 - IDENTIFICACDOR DE NÚMERO DE CONTROL
control field
005 - DATE AND TIME OF LATEST TRANSACTION
control field 20230721135138.0
008 - ELEMENTOS DE LONGITUD FIJA
fixed length control field 150904s2015 sp |||| 000 f spa
020 ## - ISBN
International Standard Book Number 9788491050841
040 ## - FUENTE DE CATALOGACIÓN
Agencia que crea de manera original el registro BPMSU
Idioma de catalogación spa
Agencia que realiza la transcripción BPMSU
Convenciones de la despripción
082 #4 - NÚMERO DE CLASIFICACIÓN DECIMAL DE DEWEY
Classification number 891.73
Item number D724i 2015
Edition number 22
100 1# - ASIENTO PRINCIPAL -- NOMBRE PERSONAL
Nombre personal Dostoievski, Fiódor M.
Fechas asociadas con el nombre 1821-1881
Término de relación
Authority record control number
245 13 - MENCIÓN DE TITULO
Título El idiota/
Mención de responsabilidad Fiódor M. Dostoievski ; introducción de Williams Mills Todd III ; traducción de José Laín Entraldo y Augusto Vidal
260 ## - PUBLICACIÓN, DISTRIBUCIÓN, ETC. (PIE DE IMPRENTA)
Lugar de publicación, distribución, etc Barcelona :
Nombre del editor, distribuidor, etc. Penguin Clásicos,
Fecha de publicación, distribución, etc 2015
300 ## - DESCRIPCIÓN FÍSICA
Extensión 824 p. ;
Dimensiones 19 cm
336 ## - CONTENT TYPE
Content type term Texto (visual)
Source isbdcontent
337 ## - MEDIA TYPE
Media type term sin mediación
Source isbdmedia
490 0# - MENCIÓN DE SERIES
Mención de serie Penguin clásicos
590 ## - NOTA LOCAL
Enlace Inventariado, 2023/VM
650 #4 - ENCABEZAMIENTO DE MATERIA--TEMÁTICO
Término temático o nombre geográfico como elemento de entrada Novela rusa
700 1# - ASIENTO SECUNDARIO -- NOMBRE PERSONAL
Nombre personal Laín Entralgo, José
Fechas asociadas con el nombre 1910-1972
Mención de responsabilidad tr.
Término de relación
700 1# - ASIENTO SECUNDARIO -- NOMBRE PERSONAL
Nombre personal Vidal, Augusto
Fechas asociadas con el nombre 1909-1976
Mención de responsabilidad tr.
Término de relación
910 ## - VALIDACIÓN
Validación VMateo V. Control de calidad. BPMSU
942 ## - ADDED ENTRY ELEMENTS (KOHA)
Source of classification or shelving scheme Dewey Decimal Classification
Koha item type Libros
Existencias
Withdrawn status Lost status Source of classification or shelving scheme Damaged status Not for loan Collection code Home library Current library Date acquired Total Checkouts Full call number Barcode Date last seen Price effective from Koha item type
    Dewey Decimal Classification     Colección General Biblioteca Pública Metropolitana Salomé Ureña Biblioteca Pública Metropolitana Salomé Ureña 07/21/2023   BPMSU CG 891.73 D724i 2015 BPMSU23070061 07/21/2023 07/21/2023 Libros